Dipinto dagli occhi nei sentieri /

Shranjeno v:
Bibliografske podrobnosti
Glavni avtor: Celsi, Giovanni, (1982- )
Format: Knjiga
Jezik:italijanščina
Izdano: Cosenza : Editoriale Progetto 2000, 2007
Serija:Percorsi letterari. L'inchiostro della memoria
Oznake: Označite
Brez oznak, prvi označite!

MARC

LEADER 00000nam a22000007i 4500
001 IT\ICCU\RCA\0454870
003 ItRI
005 20250727195310.0
008 070621s2007 it |||||| ||||| |||||c
020 |a 9788882762773 
040 |b ita  |c ct 
041 7 |a ita  |2 ISO-639-2 
100 1 |a Celsi, Giovanni,  |d  (1982- )  |0 IT\ICCU\CFIV\347373 
245 1 0 |a Dipinto dagli occhi nei sentieri /  |c Giovanni Celsi. 
260 |a Cosenza :  |b Editoriale Progetto 2000,  |c 2007 
300 |a 112 p. ;  |c 20 cm. 
830 0 |a Percorsi letterari. L'inchiostro della memoria  |0 IT\ICCU\RCA\0374071 
942 |2 ddc  |c BK 
952 |0 0  |1 0  |2 ddc  |4 0  |6 B_LNR02CELGIDIP11  |7 0  |9 7314  |a MI  |b MI  |d 2010-02-15  |i 5862  |l 0  |o B-LNR02-CELGI-DIP11  |p CDOM5862  |r 2025-07-13 16:28:36  |w 2025-07-13  |x ACQUISTO  |y BK 
981 1 |6 z01  |a i   |b xxxe  
982 1 |6 z01  |a n 
999 |c 6018  |d 6018